| 000 | 00930nam0a2200277 4500 | ||
|---|---|---|---|
| 001 | RU\NLR\bibl\945551 | ||
| 005 | 20260406125334.0 | ||
| 010 |
_a5-699-15306-3 _97000 |
||
| 021 |
_aRU _b2006-19440 _9971 |
||
| 035 | _a(NLR Aleph) 000933693 | ||
| 090 |
_a175930 _c175930 |
||
| 100 | _a20060506d2006 |||y0rusy50 ca | ||
| 101 | 1 |
_arus _ceng |
|
| 102 | _aRU | ||
| 105 | _ay ||||||||| | ||
| 200 | 1 |
_aСеверное сияние _eроман _fНора Робертс _g[пер. с англ. С. Володиной] |
|
| 210 |
_aМосква _cЭксмо _d2006 |
||
| 215 |
_a447 с. _d17 |
||
| 225 | 1 | _aФантазии женщины среднего возраста | |
| 686 | _aШ6(7США)67-440.4{Лх1979-50} | ||
| 700 | 1 |
_4070 _8rus _7ca _aРобертс _bН. _f1950- _gНора _3RU\NLR\auth\771382 _9111408 |
|
| 801 | 0 |
_aRU _bNLR _c20060506 _grcr |
|
| 801 | 1 |
_aRU _bNLR _c20060506 |
|
| 942 | _cBOOK | ||
| 980 | _aNB | ||